Podnikateľský plán malých a stredných podnikov bakalárska práca

Salvato in:
Dettagli Bibliografici
Autore principale: Ferenčáková, Alica
Ente Autore: Fakulta podnikového manažmentu EU. Katedra podnikovohospodárska
Altri autori: Uhliar, Miroslav, 1981-
Natura: Libro
Lingua:slovacco
Pubblicazione: Bratislava 2018
Tags: Aggiungi Tag
Nessun Tag, puoi essere il primo ad aggiungerne!!

MARC

LEADER 00000nbm a2200000 4500
001 0244925
005 20181009111511.0
041 0 |a slo 
044 |a SK 
245 1 0 |a Podnikateľský plán malých a stredných podnikov  |b bakalárska práca  |c Alica Ferenčáková ; školiteľ: Miroslav Uhliar 
264 1 |a Bratislava  |c 2018 
300 |a 50 s. 
100 1 |a Ferenčáková, Alica 
700 1 |a Uhliar, Miroslav, 1981- 
710 2 |a Fakulta podnikového manažmentu EU. Katedra podnikovohospodárska